000 00219nam a2200097Ia 4500
008 190216s9999||||xx |||||||||||||| ||und||
100 _aHarold C Bold
245 0 _aSasya Lokam
260 _bKerala Basha Inst
942 _cBK
999 _c37597
_d37597